| 000 | 00727nam-a2200205-a-4500 | ||
|---|---|---|---|
| 001 | YSU0065107 | ||
| 003 | AM-YeHGA | ||
| 005 | 20250617162245.0 | ||
| 008 | 990322s1952 xxu 000 0 rus u | ||
| 020 | _c19.00 | ||
| 040 | _aAM-YeHGA | ||
| 100 | 1 | 0 | _aКанаев, И.И. |
| 245 | 1 | 0 |
_aГидра : _bОчерки по биологии пресноводных полипов / _cИ.И. Канаев ; Отв. ред. Е.Н. Павловский ; АН ССС |
| 260 |
_aЛ., _aМосква : _bАН СССР , _c1952. |
||
| 300 | _a368 с. | ||
| 440 | 0 | _aИтоги и проблемы современной науки | |
| 650 | 4 | _aЗоология | |
| 700 | 1 |
_aПавловский, Е.Н. _4edt |
|
| 090 | _c489400 | ||
| 999 |
_c486031 _d486031 |
||